Gerber và thiết kế trang phục
Cung cấp những kiến thức cơ bản về bộ phần mềm Gerber và những ứng dụng về thiết kế rập, nhảy size, giác đồ, nghiệp vụ hạch toán bàn cắt của ngành công nghệ may trên phần mềm này kèm theo bài tập ứng dụng...
Uloženo v:
| Hlavní autor: | |
|---|---|
| Médium: | Kniha |
| Jazyk: | Undetermined |
| Vydáno: |
Thành phố Hồ Chí Minh
Nxb. Đại học Quốc gia Thành phố Hồ Chí Minh
2015
|
| Témata: | |
| Tagy: |
Přidat tag
Žádné tagy, Buďte první, kdo otaguje tento záznam!
|
| Thư viện lưu trữ: | Trung tâm Học liệu Trường Đại học Cần Thơ |
|---|
| LEADER | 01019nam a2200217Ia 4500 | ||
|---|---|---|---|
| 001 | CTU_201927 | ||
| 008 | 210402s9999 xx 000 0 und d | ||
| 020 | |c 58000 | ||
| 082 | |a 687.0420285 | ||
| 082 | |b H305 | ||
| 100 | |a Nguyễn, Thị Mộng Hiền | ||
| 245 | 0 | |a Gerber và thiết kế trang phục | |
| 245 | 0 | |c Nguyễn Thị Mộng Hiền | |
| 260 | |a Thành phố Hồ Chí Minh | ||
| 260 | |b Nxb. Đại học Quốc gia Thành phố Hồ Chí Minh | ||
| 260 | |c 2015 | ||
| 520 | |a Cung cấp những kiến thức cơ bản về bộ phần mềm Gerber và những ứng dụng về thiết kế rập, nhảy size, giác đồ, nghiệp vụ hạch toán bàn cắt của ngành công nghệ may trên phần mềm này kèm theo bài tập ứng dụng | ||
| 650 | |a Fashion design | ||
| 650 | |x Thiết kế thời trang | ||
| 904 | |i Nguyên | ||
| 980 | |a Trung tâm Học liệu Trường Đại học Cần Thơ | ||